000 00267nam a22001097a 4500
008 170123b xxu||||| |||| 00| 0 eng d
020 _a9781608311514
041 _aeng
080 _24TH
_a618.2
245 _aDRUG THERAPY IN NURSING
_cASCHENBRENNER, D.S
942 _2udc
_cBK
999 _c3356
_d3356